[Event "DESC S0004 email"]
[Site "DESC email"]
[Date "2002.01.01"]
[Round "4"]
[White "Luckow, Rolf"]
[Black "Markus, Nico"]
[Result "1/2-1/2"]
[WhiteElo "2003"]
[BlackElo "2067"]
[PlyCount "58"]
[EventDate "1999.??.??"]
[EventType "swiss (corr)"]
[EventRounds "4"]
[EventCountry "GER"]
[SourceTitle "Corr 2004"]
[Source "ChessBase"]
[SourceDate "2003.04.28"]
[SourceVersion "3"]
[SourceVersionDate "2003.04.28"]
[SourceQuality "1"]

1. e4 e5 2. Nf3 Nf6 3. Nxe5 d6 4. Nf3 Nxe4 5. d4 d5 6. Bd3 Bd6 7. 0-0 0-0 8. c4 c6 9. Qc2 Na6 10. a3 Bg4 11. Ne5 Bxe5 12. dxe5 Nac5 13. cxd5 Qxd5 14. Bxe4 Nxe4 15. Nc3 Nxc3 16. Qxc3 Rfe8 17. Bf4 Rad8 18. Rfe1 Qb5 19. h3 Bh5 20. Rac1 Rd3 21. Qc4 Qxc4 22. Rxc4 Bg6 23. Rcc1 Rb3 24. Re2 Bd3 25. Rd2 Be4 26. Re1 Bd5 27. Re3 Rxe3 28. Bxe3 Rxe5 29. Bxa7 Re1+ 1/2-1/2

[Event "DESC F0013 email"]
[Site "DESC email"]
[Date "2001.10.23"]
[Round "1"]
[White "Engl, Heinz"]
[Black "Luckow, Rolf"]
[Result "1/2-1/2"]
[WhiteElo "2060"]
[BlackElo "2028"]
[PlyCount "45"]
[EventDate "2001.??.??"]
[EventType "tourn (corr)"]
[EventRounds "14"]
[EventCountry "GER"]
[SourceTitle "Corr 2004"]
[Source "ChessBase"]
[SourceDate "2003.04.28"]
[SourceVersion "3"]
[SourceVersionDate "2003.04.28"]
[SourceQuality "1"]

1. e4 c5 2. Nf3 d6 3. d4 cxd4 4. Nxd4 a6 5. Nc3 Nf6 6. Bg5 e6 7. f4 Qb6 8. a3 Nc6 9. Nb3 Be7 10. Qf3 h6 11. Bh4 Qc7 12. 0-0-0 Bd7 13. Be2 Rg8 14. Rd2 g5 15. Bg3 gxf4 16. Qxf4 Rg6 17. Rhd1 Ne5 18. Qf2 Bc6 19. Qd4 b5 20. Kb1 Rb8 21. Qb4 Rc8 22. Qd4 Rb8 23. Qb4 1/2-1/2